Estructura de la Materia : Fluidos y Fenómenos Térmicos
| Main Author: | |
|---|---|
| Format: | Section = Libro |
| Language: | Undetermined Spanish |
| Published: |
España
RIALP, S.A.
2004
|
| Edition: | 2a.ed |
| Subjects: |
| LEADER | 00527nam a2200205Ia 4500 | ||
|---|---|---|---|
| 008 | 240830s9999 xx 000 0 und d | ||
| 020 | |a 84-321-2964-X | ||
| 040 | |a B-ESTELÍ- RUACS / 530 R741 | ||
| 041 | |a spa | ||
| 082 | |a 530 R741 | ||
| 100 | 1 | |a Kreeft, Peter | |
| 245 | 1 | 0 | |a Estructura de la Materia : Fluidos y Fenómenos Térmicos |
| 250 | |a 2a.ed | ||
| 260 | |a España |b RIALP, S.A. |c 2004 | ||
| 300 | |a 228 p | ||
| 650 | 7 | |a GERENCIA EJECUTIVA | |
| 650 | 7 | |b ADMINISTRACION | |
| 942 | |c BK |2 ddc | ||
| 991 | |a TEXTO | ||
| 999 | |c 11009 | ||